[Event "ESP-ch U14 rapid"]
[Site "Salobrena"]
[Date "2023.07.23"]
[Round "9"]
[White "Oubina Pazos, Ricardo"]
[Black "Mulet Durango, Carolina"]
[Result "1-0"]
[WhiteElo "1669"]
[BlackElo "1460"]
[PlyCount "73"]
[EventDate "2023.07.22"]
[EventType "swiss (rapid)"]
[EventRounds "9"]
[EventCountry "ESP"]
[SourceTitle "EXT 2024"]
[Source "ChessBase"]
[SourceDate "2023.10.10"]
[SourceVersion "1"]
[SourceVersionDate "2023.10.10"]
[SourceQuality "1"]

1. d4 Nf6 2. c4 g6 3. Nc3 d5 4. cxd5 Nxd5 5. e4 Nxc3 6. bxc3 Bg7 7. Be3 0-0 8. Nf3 c5 9. Bc4 Nc6 10. 0-0 Qc7 11. Bb3 Rd8 12. Rc1 b6 13. Qe2 Na5 14. Rfd1 c4 15. Bc2 Bb7 16. Bb1 Rac8 17. Bg5 Rd7 18. Bh4 Rcd8 19. Bg3 Qc8 20. h3 Ba8 21. Kh2 Bh6 22. Nd2 Bg7 23. f4 Bb7 24. Nf3 Ba6 25. Bc2 Qa8 26. Rb1 b5 27. Ne5 Bxe5 28. fxe5 Re8 29. Qg4 Rdd8 30. Bh4 Qc6 31. Rf1 Bc8 32. Qf4 Rf8 33. Bxe7 Rde8 34. Bf6 Re6 35. Qh6 Rxf6 36. exf6 Qd6+ 37. e5 1-0

[Event "ESP-ch U14"]
[Site "Salobrena"]
[Date "2023.07.17"]
[Round "2"]
[White "Mulet Durango, Carolina"]
[Black "Asensio Miranda, Carlos"]
[Result "1/2-1/2"]
[WhiteElo "1400"]
[BlackElo "1750"]
[PlyCount "141"]
[EventDate "2023.07.17"]
[EventType "swiss"]
[EventRounds "9"]
[EventCountry "ESP"]
[SourceTitle "EXT 2024"]
[Source "ChessBase"]
[SourceDate "2023.10.10"]
[SourceVersion "1"]
[SourceVersionDate "2023.10.10"]
[SourceQuality "1"]

1. d4 Nf6 2. Nf3 c5 3. c4 e6 4. Nc3 cxd4 5. Nxd4 Bb4 6. Qc2 Nc6 7. Nxc6 bxc6 8. Bg5 0-0 9. e3 d5 10. cxd5 cxd5 11. Bd3 h6 12. Bh4 d4 13. exd4 Qxd4 14. Bg3 Bxc3+ 15. bxc3 Qd5 16. 0-0 Bb7 17. f3 Rac8 18. c4 Qg5 19. Rfd1 Nh5 20. Qf2 Nxg3 21. Qxg3 Qxg3 22. hxg3 Ba6 23. Rdc1 Rfd8 24. Rc3 Rd4 25. Rac1 Rcd8 26. Be2 e5 27. Ra3 Rd2 28. Kf1 R8d6 29. Ke1 Rb2 30. Rd1 Rc6 31. Ra4 Rb7 32. Rd8+ Kh7 33. Bd3+ g6 34. Be4 Rbc7 35. Bxc6 Rxc6 36. Rd1 Kg7 37. Rc1 f5 38. Ra5 Kf6 39. c5 Ke6 40. Rd1 Bc4 41. Rd6+ Rxd6 42. cxd6 a6 43. a3 Kxd6 44. Ra4 Bb5 45. Rh4 h5 46. g4 hxg4 47. fxg4 f4 48. Kf2 Bc6 49. g3 f3 50. Ke3 e4 51. Rh6 Be8 52. Rh8 Ke7 53. Rh7+ Kf6 54. Ra7 Bb5 55. a4 Bd3 56. Rh7 Kg5 57. Rh4 a5 58. Rh2 Kxg4 59. Kf2 e3+ 60. Kxe3 Kxg3 61. Rd2 Be2 62. Rd5 Kh4 63. Rxa5 g5 64. Rf5 g4 65. Kf2 g3+ 66. Kg1 Kh3 67. a5 Kg4 68. Rf8 Bd3 69. Rf6 f2+ 70. Rxf2 gxf2+ 71. Kxf2 1/2-1/2

[Event "ESP-ch U14 Rapid"]
[Site "Salobrena"]
[Date "2022.07.23"]
[Round "2"]
[White "Mulet Durango, Carolina"]
[Black "Martinez Soriano, Pablo"]
[Result "1/2-1/2"]
[WhiteElo "1378"]
[BlackElo "1606"]
[PlyCount "85"]
[EventDate "2022.07.23"]
[EventType "swiss (rapid)"]
[EventRounds "9"]
[EventCountry "ESP"]
[SourceTitle "EXT 2023"]
[Source "ChessBase"]
[SourceDate "2022.10.05"]
[SourceVersion "1"]
[SourceVersionDate "2022.10.05"]
[SourceQuality "1"]

1. d4 e6 2. Nf3 f5 3. c4 b6 4. Bg5 Nf6 5. Nc3 Bb7 6. e3 Bb4 7. Ne5 d6 8. Qa4+ c6 9. Qxb4 dxe5 10. dxe5 h6 11. exf6 hxg5 12. fxg7 Rg8 13. Rd1 Qe7 14. Qxe7+ Kxe7 15. Be2 Rxg7 16. Bf3 Nd7 17. Nb5 cxb5 18. Bxb7 Rb8 19. Bc6 Ne5 20. Bxb5 Kf6 21. Ke2 Rc7 22. b3 a6 23. Bxa6 Ra7 24. Bb5 Rxa2+ 25. Rd2 Ra3 26. Rb1 Rba8 27. Ba4 Rh8 28. h3 f4 29. exf4 gxf4 30. f3 Rg8 31. Kf2 Nxc4 32. bxc4 Rxa4 33. Rxb6 Rxc4 34. Re2 Re8 35. Re4 Rc2+ 36. Re2 Rc5 37. Re4 Kf5 38. Rb7 Rc2+ 39. Re2 Rc4 40. Rf7+ Kg6 41. Rb7 Kf5 42. Rf7+ Kg6 43. Rb7 1/2-1/2

[Event "ESP-ch U14"]
[Site "Salobrena"]
[Date "2022.07.18"]
[Round "1"]
[White "Fuentes Guinot, Alejandro"]
[Black "Mulet Durango, Carolina"]
[Result "1-0"]
[WhiteElo "1824"]
[BlackElo "1379"]
[PlyCount "77"]
[EventDate "2022.07.18"]
[EventType "swiss"]
[EventRounds "9"]
[EventCountry "ESP"]
[SourceTitle "EXT 2023"]
[Source "ChessBase"]
[SourceDate "2022.10.05"]
[SourceVersion "1"]
[SourceVersionDate "2022.10.05"]
[SourceQuality "1"]

1. d4 d5 2. Bf4 Nf6 3. e3 e6 4. Nf3 Bd6 5. Nbd2 Bxf4 6. exf4 0-0 7. Bd3 c5 8. dxc5 Qa5 9. 0-0 Qxc5 10. c3 Nc6 11. Re1 Qd6 12. g3 b6 13. Qe2 Bb7 14. Rad1 Rfe8 15. Nc4 Qc7 16. Nce5 Rad8 17. Ng5 Nxe5 18. fxe5 Ne4 19. Nxe4 dxe4 20. Bxe4 Bxe4 21. Qxe4 Rxd1 22. Rxd1 Rd8 23. Rd6 Rxd6 24. exd6 Qxd6 25. Qa8+ Qf8 26. Qxa7 Qd8 27. Qa4 g6 28. Qc2 Qd5 29. c4 Qa5 30. a3 Qc5 31. Qd3 Qc6 32. b4 h5 33. h4 Kf8 34. Qd8+ Kg7 35. Qd4+ Kf8 36. a4 Ke7 37. a5 bxa5 38. bxa5 f6 39. Qb6 1-0

[Event "ESP-ch States U14"]
[Site "Isla"]
[Date "2022.06.24"]
[Round "3"]
[White "Mulet Durango, Carolina"]
[Black "Barranco Lopez, Alba"]
[Result "0-1"]
[WhiteElo "1451"]
[BlackElo "1296"]
[PlyCount "110"]
[EventDate "2022.06.23"]
[EventType "swiss"]
[EventRounds "6"]
[EventCountry "ESP"]
[SourceTitle "EXT 2023"]
[Source "ChessBase"]
[SourceDate "2022.10.05"]
[SourceVersion "1"]
[SourceVersionDate "2022.10.05"]
[SourceQuality "1"]

1. d4 Nf6 2. c4 e6 3. Nc3 Bb4 4. Qb3 Bxc3+ 5. Qxc3 0-0 6. Bg5 h6 7. Bh4 d5 8. cxd5 exd5 9. e3 Bf5 10. Qb3 Bc8 11. Bxf6 Qxf6 12. Qxd5 c6 13. Qf3 Qd6 14. a3 Re8 15. Rd1 Be6 16. Bd3 Nd7 17. Ne2 Nf6 18. Nf4 Bg4 19. Qg3 Bxd1 20. Kxd1 Rad8 21. Bc4 Nd5 22. Nh5 Qxg3 23. Nxg3 Nf6 24. Nf5 c5 25. Re1 cxd4 26. Nxd4 Re4 27. b3 Ree8 28. h3 Ne4 29. f3 Nc5 30. Kc2 a6 31. a4 Nd7 32. Kb2 Nb6 33. Bd3 Rxd4 34. Be4 Rd7 35. Rc1 Red8 36. a5 Nd5 37. Bf5 Re7 38. Rd1 Ree8 39. Be4 Nxe3 40. Rc1 Re5 41. b4 Rb5 42. Kb3 Nd5 43. Rc4 Nf6 44. Bc2 Rbd5 45. Kc3 Rd2 46. g3 R2d7 47. Bf5 Re7 48. Bc2 Nd5+ 49. Kb2 Ne3 50. Rc3 Nxc2 51. Kxc2 Ree8 52. Kb3 Rc8 53. Rd3 Rc1 54. Kb2 Rce1 55. Kc3 R1e3 0-1

[Event "ESP-ch States U14"]
[Site "Isla"]
[Date "2022.06.23"]
[Round "2"]
[White "Arregui Gonzalez, Atia"]
[Black "Mulet Durango, Carolina"]
[Result "0-1"]
[WhiteElo "1023"]
[BlackElo "1451"]
[PlyCount "86"]
[EventDate "2022.06.23"]
[EventType "swiss"]
[EventRounds "6"]
[EventCountry "ESP"]
[SourceTitle "EXT 2023"]
[Source "ChessBase"]
[SourceDate "2022.10.05"]
[SourceVersion "1"]
[SourceVersionDate "2022.10.05"]
[SourceQuality "1"]

1. e4 c5 2. Nc3 Nc6 3. Bb5 g6 4. Bxc6 bxc6 5. d3 d5 6. f4 Bg7 7. Bd2 e6 8. Nf3 Rb8 9. Rb1 Ba6 10. Qe2 c4 11. 0-0 cxd3 12. cxd3 Nf6 13. Ne5 0-0 14. Kh1 Qd6 15. Qe3 d4 16. Qh3 dxc3 17. Bxc3 Nd7 18. Rf3 Nxe5 19. fxe5 Bxe5 20. Rbf1 Bxc3 21. bxc3 Qe5 22. Qh6 Qg7 23. Qh4 Qxc3 24. Rh3 Qg7 25. e5 Rb2 26. a4 Rd2 27. Rg1 Rxd3 28. Rxd3 Bxd3 29. Qg3 Be4 30. Qe3 Qxe5 31. Qxa7 c5 32. Qb6 Rb8 33. Qa6 Qd5 34. Qe2 c4 35. a5 c3 36. a6 c2 37. Qe3 Bxg2+ 38. Rxg2 Rb1+ 39. Qg1 Rxg1+ 40. Kxg1 c1Q+ 41. Kf2 Qcd2+ 42. Kg3 Q2xg2+ 43. Kf4 Qde4# 0-1

[Event "ESP-ch U12"]
[Site "Salobrena"]
[Date "2021.07.10"]
[Round "9"]
[White "Mulet Durango, Carolina"]
[Black "Perea Fruet, Federico"]
[Result "1-0"]
[WhiteElo "1162"]
[BlackElo "1406"]
[PlyCount "77"]
[EventDate "2021.07.05"]
[EventType "swiss"]
[EventRounds "9"]
[EventCountry "ESP"]
[SourceTitle "EXT 2022"]
[Source "ChessBase"]
[SourceDate "2021.10.06"]
[SourceVersion "1"]
[SourceVersionDate "2021.10.06"]
[SourceQuality "1"]

1. d4 Nf6 2. Nf3 d5 3. c4 e6 4. Nc3 b6 5. Bg5 Bb7 6. cxd5 exd5 7. e3 Nbd7 8. Bd3 Bd6 9. 0-0 0-0 10. Rc1 Qe8 11. Nb5 Qe6 12. Nxc7 Bxc7 13. Rxc7 Bc6 14. Qc2 Nb8 15. Ne5 Bd7 16. Bxf6 gxf6 17. Nxd7 Nxd7 18. Bxh7+ Kg7 19. Bf5 Qd6 20. Rxd7 Qb8 21. Qe2 Rh8 22. f4 Rh6 23. Rf3 Qh8 24. Rh3 Rc8 25. Rxf7+ Kxf7 26. Bxc8 Qxc8 27. Rxh6 Qc1+ 28. Kf2 Qb1 29. Qh5+ Ke6 30. Qe5+ Kd7 31. Qxd5+ Kc8 32. Rh8+ Kc7 33. Qf7+ Kc6 34. Rc8+ Kb5 35. Qc4+ Ka5 36. Ra8 Qxb2+ 37. Qe2 Qb1 38. Rxa7+ Kb4 39. a3+ 1-0

[Event "ESP-chT Regional U14"]
[Site "Gijon"]
[Date "2021.06.19"]
[Round "4.3"]
[White "Mulet Durango, Carolina"]
[Black "Mullor Pena, Claudia"]
[Result "1-0"]
[WhiteElo "1099"]
[BlackElo "1543"]
[PlyCount "147"]
[EventDate "2021.06.17"]
[EventType "team-swiss"]
[EventRounds "6"]
[EventCountry "ESP"]
[SourceTitle "EXT 2022"]
[Source "ChessBase"]
[SourceDate "2021.10.06"]
[SourceVersion "1"]
[SourceVersionDate "2021.10.06"]
[SourceQuality "1"]
[WhiteTeam "Asturias U14"]
[BlackTeam "Andalucia U14"]
[WhiteTeamCountry "ESP"]
[BlackTeamCountry "ESP"]

1. d4 Nf6 2. Nf3 d5 3. c4 e6 4. Nc3 b6 5. cxd5 exd5 6. g3 Be7 7. Bg2 Bb7 8. 0-0 0-0 9. Ne5 Nbd7 10. Qa4 c5 11. Nxd7 Qxd7 12. Qxd7 Nxd7 13. Nxd5 Bd6 14. dxc5 Nxc5 15. Rd1 Rad8 16. Bf4 Bxf4 17. Nxf4 Bxg2 18. Kxg2 h6 19. h4 Rfe8 20. Kf3 Na4 21. Nd3 Rd6 22. e3 Red8 23. Ke2 Rc8 24. Rac1 Rdc6 25. Kd2 Nc5 26. Nxc5 Rxc5 27. Rxc5 Rxc5 28. Rc1 Rf5 29. Ke2 Ra5 30. a3 Rb5 31. b4 a5 32. Rb1 Kf8 33. Kd3 Ke7 34. g4 h5 35. g5 Kd6 36. e4 f5 37. exf5 Rxf5 38. bxa5 bxa5 39. Ke3 Re5+ 40. Kf3 Rf5+ 41. Kg3 Rc5 42. Rb3 Kc6 43. f3 g6 44. Re3 Kd6 45. Re4 Rb5 46. Ra4 Ke6 47. Rf4 Rb3 48. Rf6+ Ke7 49. Rxg6 Rxa3 50. Rf6 Ra1 51. Rf4 Ke8 52. Kh2 Ra2+ 53. Kh3 Ra1 54. g6 Rg1 55. Ra4 Rxg6 56. Rxa5 Rf6 57. Kg3 Rh6 58. Kf4 Kf7 59. Ra7+ Kg6 60. Ra6+ Kg7 61. Rxh6 Kxh6 62. Kf5 Kg7 63. Kg5 Kh7 64. Kxh5 Kg7 65. Kg5 Kh7 66. f4 Kg7 67. f5 Kf7 68. f6 Kg8 69. Kg6 Kh8 70. Kf7 Kh7 71. Ke7 Kg6 72. f7 Kh5 73. f8Q Kxh4 74. Qg8 1-0